Holiday Quiz

Random Holiday or Animal Quiz

Chinese Zodiac Animals Click Quiz Stats

Quiz Updated Feb 8, 2016

Also try: Zodiac Symbols
Challenge
Share
Tweet
Embed
Score 0/12 Timer 01:00
0 Plays Today
% Correct
Dragon
90.4%
Rat
88.9%
Monkey
88.8%
Tiger
86.9%
Rabbit
86.2%
Snake
85.9%
Dog
85.7%
Ox
85.1%
Pig
83.8%
Rooster
81.8%
Horse
80.9%
Goat
68.7%

You're not logged in!

Compare scores with friends on all Sporcle quizzes.
Join for Free
OR
Log In

You Might Also Like...

Show Comments

Extras

Top Quizzes Today


Score Distribution

Your Account Isn't Verified!

In order to create a playlist on Sporcle, you need to verify the email address you used during registration. Go to your Sporcle Settings to finish the process.

Report this User

Report this user for behavior that violates our Community Guidelines.

Details: